Statistics for music trivia: group and artist local geography

Click here to take the quiz!

General Stats

  • This quiz has been taken 23 times
  • The average score is 4 of 15

Answer Stats

Groups and ArtistsCity of origin for each% Correct
AbbaStockholm
68%
Van MorrisonBelfast
53%
Elvis PresleyTupelo
53%
Michael JacksonGary
42%
AerosmithBoston
32%
NirvanaAberdeen
21%
Jimi HendrixSeattle
21%
Bob DylanDuluth or Hibbing
16%
The Beach BoysHawthorne
16%
Lynyrd SkynyrdJacksonville
16%
Tom PettyGainsville
11%
Aretha FranklinMemphis
11%
B.B. KingBerclair, Itta Bena or Indianola
5%
PhoenixVersailles
5%
Marvin GayeWashington, D.C.
5%

Score Distribution

Percentile by Number Answered

Percent of People with Each Score

Your Score History

You have not taken this quiz